| 000 | 01194naa a22002897a 4500 | ||
|---|---|---|---|
| 001 | BR9507197 | ||
| 003 | BR-BrBNA | ||
| 005 | 20240918181409.0 | ||
| 007 | ta | ||
| 008 | 230509b bl.||||| |||| 00| 0 por d | ||
| 020 | _aCaldas Novas, GO (Brazil) | ||
| 040 |
_aBR-BrBNA _bpor _cBiblioteca Nacional de Agricultura |
||
| 041 | _a(Pt) | ||
| 072 |
_aL53 _b7110 |
||
| 090 | _aL53 BR9507197 | ||
| 100 | 1 | _aTeixeira, M.V. | |
| 111 | 1 |
_a10. Congresso Brasileiro de Apicultura _cCaldas Novas, GO (Brazil) _d14-18 Aug 1994 |
|
| 245 | 1 | _aAspectos comportamentais e fatores que influenciam na fecundacao natural de rainhas de Apis mellifera (Hymenoptera, Apidae), em regiao neotropical | |
| 260 | 3 |
_aCaldas Novas, GO (Brasil): _c1994. |
|
| 500 | _aSoares, A.E.E.; Jong, D. de(eds.) Anais do 10. Congresso Brasileiro de Apicultura Caldas Novas, GO (Brasil): 1994. p. 83-84 (BR9507197-AM)L53 | ||
| 650 | _aAbelha Rainha | ||
| 650 | _aRaca | ||
| 650 | _aReproducao Animal | ||
| 773 | 0 |
_tAnais do 10. Congresso Brasileiro de Apicultura _aSoares, A.E.E.; Jong, D. de(eds.) _wL53 BR9507197 _gCaldas Novas, GO (Brasil), 1994. p. 83-84 |
|
| 909 |
_a202404 _bLucia _c55 _dLucia Elande |
||
| 942 |
_cAM _2AGRIS |
||
| 999 |
_c325085 _d325085 |
||